000 00742nam a22002657a 4500
001 BR0100191
003 BR-BrBNA
005 20230928100752.0
007 ta
008 230509b bl.||||| |||| 00| 0 por d
040 _aBR-BrBNA
_bpor
_cBiblioteca Nacional de Agricultura
041 _a(Por)
072 _aE14
090 _ E14 BR0100191
110 1 _aMinisterio da Agricultura e do Abastecimento, Brasilia, DF (Brasil)
_96726
245 1 _aPlano agricola; safra 2000/2001
260 3 _aBrasilia, DF (Brasil):
_c2000.
300 _a64 p.
650 _aSafra
650 _aPlanejamento Agricola
650 _aDesenvolvimento Rural
650 _aProjeto de Desenvolvimento
909 _a202309
_bLucia
_c55
_dLucia Elande
942 _cBK
999 _c62721
_d62721